000 00427nam a2200169Ia 4500
003 GCL
008 140319s9999 xx 000 0 eng d
040 _aGCL /
_cGCL
082 0 4 _a745.4
_bL F
100 1 _aLODGE,NICHOLAS
245 1 0 _aFLORAL PATTERNS /
_cLODGE,NICHOLAS
260 _a[S.N] :
_bCHARLES LETTS AND COMPANY LTD ،
_c1991
300 _a48
650 0 4 _aPATTERNS
650 0 4 _aFLORAL PATTERNS
942 _2ddc
_cBK
999 _c23877
_d23877